Normal view
MARC view
Entry Personal Name
001 - CONTROL NUMBER
- control field: 15975
003 - CONTROL NUMBER IDENTIFIER
- control field: BD-RjUL
005 - DATE AND TIME OF LATEST TRANSACTION
- control field: 20250710113244.0
008 - FIXED-LENGTH DATA ELEMENTS
- fixed length control field: 250710|| aca||aabn | a|a d
040 ## - CATALOGING SOURCE
- Original cataloging agency: BD-RjUL
- Transcribing agency: BD-RjUL
100 ## - HEADING--PERSONAL NAME
- Personal name: احمد٫ کلىم الدىن ;; Ahmad, Kalīmuddīn
670 ## - SOURCE DATA FOUND
- Source citation: Work cat.: (BD-RjUL)85170: احمد٫ کلىم الدىن ;; Ahmad, Kalīmuddīn, اردو زبان اور فن داستان گوئى / Urdū zabān aur fann-i dāstān goʼī /, 1977